• 首页
  • 本馆介绍
  • 公告通知
  • 最新文献
  • 馆藏检索
  • 电子资源
  • 读者导购
  • 参考咨询
  • 我的图书馆
  • 登录
  • 详细信息显示
  • 放入我的书架
  • 预约/预借图书
  • 作者相关作品
  • 分类相关作品
  • 丛书相关作品
  • 出版社相关作品

书目信息

  • 表格格式
  • 工作单格式
  • 卡片格式
题名:
当代美国资产阶级哲学资料
    
 
作者: ;中国社会科学院哲学研究所现代外国哲学组 编
分册: 第二集  
出版信息: 北京   商务印书馆  1978.08
页数: 365页
开本: 19cm
丛书名:
单 册:
中图分类: B712.5
科图分类:
主题词: 哲学--美洲 , 哲学--美洲
电子资源:
ISBN:
000 00892nam0 2200217 45
001 0206250833
005 20060820090226.67
010    @dCNY1.10
091    @a2017.206
100    @a20020625d1978 km y0chiy0120 ea
101 0  @achi@ceng
200 1  @a当代美国资产阶级哲学资料@ADang Dai Mei Guo Zi Chan Jie Ji Zhe Xue Zi Liao@e第二次大战后美国哲学论著选译@EDi Er Ci Da Zhan Hou Mei Guo Zhe Xue Lun Zhu Xuan Yi@h第二集@f中国社会科学院哲学研究所现代外国 哲学组编@FZhong Guo She Hui Ke Xue Yuan Zhe Xue Yan Jiu Suo Xian Dai Wai Guo Zhe Xue Zu Bian
210    @a北京@c商务印书馆@d1978.08
215    @a365页@d19cm
517    @a第二次大战后美国哲学论著选译@ADi Er Ci Da Zhan Hou Mei Guo Zhe Xue LunZhu Xuan Yi
606 0  @a哲学@x美洲
606 0  @a哲学@x美洲
690    @aB712.5
711 02 @a中国社会科学院哲学研究所现代外国哲学组@4编
801    @aCN@bTSTC@c20060820
905    @dB712.5@f1@b1047@e23:2
    
    当代美国资产阶级哲学资料:第二次大战后美国哲学论著选译.第二集/中国社会科学院哲学研究所现代外国 哲学组编.-北京:商务印书馆,1978.08
    365页;19cm
    
    
    ISBN :CNY1.10
    
●
相关链接 在E读中查询图书 在五车中查询图书 在当当中查询图书 在豆瓣中查询图书


正题名:当代美国资产阶级哲学资料     索取号:B712.5/23:2         预约/预借

序号 登录号 条形码 馆藏地/架位号 状态 备注
1 0001047   000578191   第一借阅区/ [索取号:B712.5/23:2] 在馆    
2 0440165   204401655   密集书库/ [索取号:B712.5/23:2] 在馆    
3 0471302   204713024   密集书库/ [索取号:B712.5/23:2] 在馆    
唐山师范学院图书馆 欢迎您!
大连网信软件有限公司© 版权所有